Top 20 Most Violent US Cities - Statistics

General Stats
  • This quiz has been taken 1,757 times
  • The average score is 9 of 20
Answer Stats
# of incidents per 100K City % Correct
1K+ Chicago
91%
2000+ Detroit
86%
2000+ St Louis
74%
1.1K+ New Orleans
70%
2000+ Baltimore
67%
2000+ Memphis
66%
1.5K+ Cleveland
65%
1.1K+ Nashville
55%
1.3K+ Indianapolis
53%
1.5K+ Milwaukee
50%
1.1K+ Minneapolis
50%
1.2K+ Oakland
33%
1.3K+ Albuquerque
31%
1.6K+ Little Rock
29%
1.3K+ Springfield
15%
1.1K+ Anchorage
14%
1.1K+ Lansing
11%
1.4K+ Stockton
10%
1.2K+ San Bernardino
6%
1.5K+ Rockford
4%
No matching quizzes found
Score Distribution
Percent of People with Each Score
Percentile by Number Answered
Your Score History
You have not taken this quiz